00812nam a2200121Ia 4500008004100000020001800041100008100059245019100140260002700331650004100358650024800399856004300647171212s9999 xx 000 0 und d a9780833031808 aHosek, James;Asch, Beth J.;Fair, C. Christine;Martin, Craig;Mattock, Michael cHosek, James;Asch, Beth J.;Fair, C. Christine;Martin, Craig;Mattock, MichaelaMarried to the MilitarybThe Employment and Earnings of Military Wives Compared with Those of Civilian Wives bRAND Corporationc2002 aManagement & Organizational Behavior aMilitary spouses -- Employment -- United States; Military spouses -- Salaries, etc. -- United States; Wives -- Employment -- United States; Wives -- Salaries, etc. -- United States; United States -- Armed Forces -- Recruiting, enlistment, etc. uwww.jstor.org/stable/10.7249/mr1565osd